000 03321cam a2200493 i 4500
001 22948565
003 BJBSDDR
005 20260512172941.0
006 a|||||r|||| 00| 0
007 ta
008 230130t20222021nyuaf er 001 0ceng
010 _a 2022304896
020 _a9781538764343
_q(paperback)
020 _z9781538764350
_q(ebook)
035 _a22948565
040 _aDLC
_beng
_erda
_cDLC
041 _aeng
042 _apcc
043 _an-us-ny
050 0 0 _aHV7911.A1
_bD153n 2022
082 0 4 _a363.20922
_223
100 1 _aDaly, Michael,
_d1952-
_eauthor.
_948414
245 1 0 _aNew York's finest :
_bstories of the NYPD and the hero cops who saved the city /
_cMichael Daly.
246 3 0 _aStories of the NYPD and the hero cops who saved the city
246 3 _aStories of the New York City Police Department and the hero cops who saved the city
250 _aFirst Trade Paperback Edition.
264 1 _aNew York :
_bTwelve,
_c2022.
264 4 _c©2021
300 _ax, 421 pages, 8 unnumbered pages of plates :
_billustrations (chiefly color) ;
_c21 cm
336 _atext
_btxt
_2rdacontent
336 _astill image
_2rdacontent
337 _aunmediated
_bn
_2rdamedia
338 _avolume
_bnc
_2rdacarrier
500 _aIncludes index.
520 _a"The gritty, true blue story of two remarkable cops and an equally extraordinary nurse who provided the spirit and smarts that transformed Fear City into the safest big city in America. NEW YORK'S FINEST is the story of a city's transformation through the tireless efforts of Detective Steven McDonald, Nurse Justiniano, Jack Maple, and a host of hero cops--including the great niece of Jazz Age great Josephine Baker--the finest of The Finest. The son and grandson of cops, Officer McDonald was shot and paralyzed from the neck down while on patrol in 1986. The doctors said that if he did survive, he would be better off dead. It was then he came under the care of one Nurse Nina Justiniano. Where the teenage gunman was produced by the worst of Harlem's social ills, she personified its many graces, rescuing Steven from despair and urging him to transcend hate and bitterness. McDonald was then promoted to detective at the urging of NYPD Deputy Commissioner Jack Maple, a postal worker's son who sported a bow tie, Homburg hat, and two-tone shoes as he implemented transformative crime-fighting strategies to deter violent subway robberies. Coming up in the force, Maple had been routinely mocked for imagining the impossible: that Times Square would one day be a destination for families and tourists. Now, resentments and tensions are mounting in the same neighborhoods that most benefited from the careful consideration of officers like McDonald and Maple. But as NEW YORK'S FINEST illustrates, their legacies, and those of people like Nurse Justiniano, may well rescue New York City from its present state of unrest and struggle in the wake of protests and the pandemic."--Amazon.
600 1 0 _aMcDonald, Steven.
600 1 0 _aMaple, Jack.
610 1 0 _aNew York (N.Y.).
_bPolice Department.
650 0 _aPolice
_zNew York (State)
_zNew York.
906 _a7
_bcbc
_corigcop
_d2
_encip
_f20
_gy-gencatlg
942 _2lcc
_n0
_cBK
946 _illh
999 _c127072
_d127072